000 00921cam a2200205 4500
001 WB3732-09
008 010829n2001 000 0 eng u
035 _a(Sirsi) u114378
245 _aNet-age resource for conservation
260 _c2001
490 _aEstates Gazette
_v(0134) 25 August 2001, 86(1)
520 _aAn online version of "The Building Conservation Directory" is now available at: http://www.buildingconservation.com. The website replicates much of the printed directory, containing listings of over 1,000 conservation organistions, firms and specialist craftsmen. The online version is preferable in that it offers regularly updated listings of organisations and firms.
590 _aWB
650 _aDIRECTORY
650 _aWEBSITE
650 _aCRAFTSMEN
650 _aORGANISATIONS
690 _aBUILT ENVIRONMENT-BUILDING MAINTENANCE AND REFURBISHMENT-BUILDING CONSERVATION
942 _n0
999 _c68116
_d68116